000
00269nam a2200121Ia 4500
005
20251222143110.0
008
251222s9999||||xx |||||||||||||| ||spa||
082
_a
301/N55
100
_a
Niesturj, M.F.
245
0
_a
El Origen del Hombre
264
_b
MIR
942
_c
LIB
999
_c
11152
_d
11152